Държавна сигурност - структура и основни документи (Запис номер 70857)
[ съкратено ]
| 000 -Лидер | |
|---|---|
| Контролно поле с фиксирана дължина | 02334nam a2200409 c 4500 |
| 003 - Код на организацията, давaща контролен номер | |
| Контролно поле | BLK |
| 005 - Дата и час на последна редакция | |
| Контролно поле | 20180422103154.0 |
| 008 - Елементи от данни с фиксирана дължина | |
| fixed length control field | 180408b bul|||||r ||||||| ||bul|| |
| 010 ## - Наследен системен номер | |
| LC control number | KNG00075220000 |
| 020 ## - Международен стандартен номер на книга ISBN | |
| Международен стандартен номер на книга ISBN | 978-954-92467-2-8 |
| -- | издат.: Комис. за разкриване на док. и за обявяване на ... |
| 040 ## - Източник на каталожния запис | |
| Идентификатор на билиотеката - собственик на записа | BLK |
| 041 ## - Код за език | |
| Код за езика на текст/звукозапис или на отделно заглавие | Български |
| Код за езика КДБФ | Български |
| 072 #7 - Код за тематичната категория | |
| Код организация | bullib |
| Код за тематична категория | Н35 |
| Текст | Обществено управление. Военни науки Н |
| 080 ## - УДК | |
| Текстов определител УДК | Органи на обществения ред. Полиция. Обществена власт. Доброволни отреди. Държавна сигурност. Милиция. Дейност на полицията по вътрешно разузнаване |
| УДК код - определител по УДК | 351.74 |
| УДК определител | (497.2)(093.2) |
| УДК - код + определител | 351.74(497.2)(093.2) |
| 139 ## - Редно поле | |
| Редна дума | България. Министерство на вътр. работи. Дирекция Държавна сигурност |
| Авторски знак | Бъл - Б 92 |
| 245 10 - Сведения за заглавието | |
| Заглавие | Държавна сигурност - структура и основни документи |
| Подзаглавни данни | Докум. сб. |
| Редно поле (дума) | състав. Мария Бонева; състав. Христо Станев Христов. |
| 246 11 - Различни форми на заглавието | |
| Паралелно заглавие | State Security Services - Structure and Basic Documents |
| 257 ## - Страна на издаване | |
| Страна на създаване/издаване | България |
| 260 ## - Област на издателските данни | |
| -- | София |
| Име на издателя, разпространителя и проч. | Комис. за разкриване на док. и за обявяване на ... |
| Година на издаване | 2010 |
| Печатница | Костинброд : Мултипринт |
| 300 ## - Физическа характеристика | |
| Страници | 508 с. |
| Илюстрации и др. | с факс., сх. |
| Размери/Мащаб | 30 см |
| 380 ## - Жанр | |
| Жанр | Обществени науки |
| 490 1# - СЕРИИ (Колекции) | |
| Име на серия | Из архивите на ДС |
| 500 ## - Общи забележки | |
| Забележка | Съдържа: Списък на док. ; Именен показалец. - Рез. на бълг., англ. ез. |
| 650 #4 - Допълнително описание по предмет – тема | |
| Основно описание – тема или топоним | Държавна сигурност - България |
| 9 (RLIN) | 254494 |
| 651 #4 - Допълнително описание по предмет - топоним | |
| Географско понятие | България |
| 9 (RLIN) | 241624 |
| 653 ## - Ключова дума – ненормативна | |
| Ключова дума | държавна сигурност |
| 653 ## - Ключова дума – ненормативна | |
| Ключова дума | документи |
| 659 ## - Тематичен бюлетин | |
| Тематичен бюлетин | Н |
| 700 1# - Други автори (авторска отговорност) | |
| Лично име | Бонева, Мария |
| Автороска отговорност (Описва отношението между автора и произведението) | състав. |
| 9 (RLIN) | 371240 |
| 700 1# - Други автори (авторска отговорност) | |
| Лично име | Христов, Христо Станев |
| Автороска отговорност (Описва отношението между автора и произведението) | състав. |
| 9 (RLIN) | 371241 |
| 710 1# - Име на организация или юридическо лице като допълнителен термин за търсене | |
| Наименование на организация или юридическо лице като редна дума | България. Министерство на вътр. работи. Дирекция Държавна сигурност |
| 9 (RLIN) | 292982 |
| 852 ## - Местоположение | |
| Форматна сигнатура | Цб ІІ 16890 |
| 856 4# - Електронен адрес и достъп | |
| Електронен формат | pdf - файл |
| Път до файла /url/ | |
| 856 4# - Електронен адрес и достъп | |
| Електронен формат | pdf - файл |
| Път до файла /url/ | |
| 942 ## - АРТИКУЛИ | |
| Вид на библиотечния материал | Книги |
| Скрит в OPAC | Не |
| 944 ## - СЪЗДАВАНЕ И РЕДАКЦИЯ на ЗАПИСА | |
| Създаване/Редакция | Създаване |
| Дата на регистрацията/редакция | 29.09.2011 |
| Служител, извършил регистрацията/редакцията | Валя_Йорданова |
| 944 ## - СЪЗДАВАНЕ И РЕДАКЦИЯ на ЗАПИСА | |
| Създаване/Редакция | Редакция |
| Дата на регистрацията/редакция | 29.05.2012 |
| Служител, извършил регистрацията/редакцията | |
| 999 ## - СИСТЕМНИ КОНТРОЛНИ НОМЕРА | |
| Koha biblionumber | 70857 |
| Koha biblioitemnumber | 70857 |
| Код за отписване | Код за изгубен артикул | Код за повреда | Коз за рестрикции | Код за отдаване | Артикулен № | Име на библиотеката - собственик | Име на библиотеката, в която се намира в момента | Статус (Текущо местоположение) | Дата на вписване в системата | Местоположение - отдел | Цена в лева | Инвентарен номер | Систематично азбучна сигнатура | Баркод | Номер на екземпляра | Цена в евро | Служебна бележка | Служебен тип на артикула |
|---|---|---|---|---|---|---|---|---|---|---|---|---|---|---|---|---|---|---|
| Не е изгубен | Не е повреден | без рестрикции | ползва се в читалня | 115670 | Регионална библиотека "Любен Каравелов" Русе | Регионална библиотека "Любен Каравелов" Русе | Хранилище | 2011-09-26 | Хранилище | 25.00 | 120000753378 | Цб ІІ 16890 | 120000753378 | 1 | 12.78 | Дост: Dp Вид: Д N: 9 Дата: 28.02.2011 | Книги | |
| Не е изгубен | Не е повреден | без рестрикции | заемане за дома | 115671 | Регионална библиотека "Любен Каравелов" Русе | Регионална библиотека "Любен Каравелов" Русе | Заемна - подръчен фонд | 2012-05-29 | Заемна - подръчен фонд | 25.00 | 120000757853 | П 351/Б 92 | 120000757853 | 2 | 12.78 | Дост: DA Вид: А N: 8 Дата: 28.05.2012 Дата инв: 07.02.2018 Бележки инв: П2018 | Книги |